Nalaganje...
Principles of microeconomics
| Glavni avtor: | |
|---|---|
| Format: | Printed Book |
| Jezik: | Undetermined English |
| Izdano: |
Jaipur
ABD publishers
2011
|
| Teme: |
| LEADER | 00723nam a2200193Ia 4500 | ||
|---|---|---|---|
| 008 | 140306s9999 xx 000 0 und d | ||
| 020 | |a 9788183762878 | ||
| 041 | |a eng | ||
| 082 | |a 330 |b MUK/PR | ||
| 100 | |a Mukti Nath, Singh | ||
| 245 | |a Principles of microeconomics | ||
| 260 | |a Jaipur |b ABD publishers |c 2011 | ||
| 300 | |a 256 | ||
| 365 | |b Rs.995/- | ||
| 650 | |a Economics | ||
| 942 | |2 ddc |c BK | ||
| 999 | |c 122558 |d 122558 | ||
| 952 | |0 0 |1 0 |2 ddc |4 0 |6 330_000000000000000_MUKPR |7 0 |9 122085 |a KAUHCV |b KAUHCV |d 2012-05-22 |g 995.00 |o 330 MUK/PR |p KAU_HCV-29379 |r 2014-03-22 |w 2014-03-22 |y BK | ||
| 952 | |0 0 |1 0 |2 ddc |4 0 |6 330_000000000000000_MUKPR |7 0 |9 122086 |a KAUHCV |b KAUHCV |d 2012-05-22 |g 995.00 |o 330 MUK/PR |p KAU_HCV-29380 |r 2014-03-22 |w 2014-03-22 |y BK | ||